书目信息 |
| 题名: |
城市白领新移民研究
|
|
| 作者: | 张文宏 , 雷开春 著 | |
| 分册: | ||
| 出版信息: | 北京 社会科学文献出版社 2017 |
|
| 页数: | 239页 | |
| 开本: | 24cm | |
| 丛书名: | ||
| 单 册: | ||
| 中图分类: | D632.4 | |
| 科图分类: | ||
| 主题词: | 中等资产阶级--移民--研究--中国 | |
| 电子资源: | ||
| ISBN: | 978-7-5201-0869-0 | |
| 000 | 01593nam0 2200301 450 | |
| 001 | 012001005694 | |
| 005 | 20080820165711.0 | |
| 010 | @a978-7-5201-0869-0@dCNY69.00 | |
| 100 | @a20170905d2017 em y0chiy50 ea | |
| 101 | 0 | @achi |
| 102 | @aCN@b110000 | |
| 105 | @ay z 000yy | |
| 106 | @ar | |
| 200 | 1 | @a城市白领新移民研究@9cheng shi bai ling xin yi min yan jiu@dA study on the new immigrants of white collar in urban China@f张文宏,雷开春著@zeng |
| 210 | @a北京@c社会科学文献出版社@d2017 | |
| 215 | @a239页@d24cm | |
| 300 | @a城市研究·新移民系列 | |
| 300 | @a本书是国家社科基金项目“城市新移民问题研究”的最终成果 | |
| 314 | @a张文宏,男,上海大学社会学院院长、教授、博士生导师等。代表作为《中国城市的阶层结构与社会网络》等。 | |
| 314 | @a雷开春,女,上海社会科学院社会学研究所副研究员,芝加哥大学社会学系访问学者,主要研究领域为城市新移民、社会心理学,代表作为《城市新移民的社会认同》。 | |
| 330 | @a本书运用600份新移民的问卷调查数据,重点对城市白领新移民的社会流动、社会融合、社会信任、社会交往及主观生活质量的现状和影响因素进行了量化分析,不仅与西方的“同化论”“族群文化论”“族群聚居区社会经济论”“社会资本论”等经典移民理论进行对话,还与国内学者的“二元社区”“虚拟社区”等范式进行比较,探索了全球化背景下中国超大城市白领新移民社会流动和社会融合的独特模式。 | |
| 510 | 1 | @aStudy on the new immigrants of white collar in urban China@zeng |
| 606 | 0 | @a中等资产阶级@x移民@x研究@y中国 |
| 690 | @aD632.4@v5 | |
| 701 | 0 | @a张文宏@9zhang wen hong@4著 |
| 701 | 0 | @a雷开春@9lei kai chun@4著 |
| 801 | 0 | @aCN@b上海新华@c20181010 |
| 905 | @b1167516-20@dD632.4@e379@f5 | |
| 城市白领新移民研究=A study on the new immigrants of white collar in urban China/张文宏,雷开春著.-北京:社会科学文献出版社,2017 |
| 239页;24cm |
| 城市研究·新移民系列.-本书是国家社科基金项目“城市新移民问题研究”的最终成果 |
| ISBN 978-7-5201-0869-0:CNY69.00 |
| 本书运用600份新移民的问卷调查数据,重点对城市白领新移民的社会流动、社会融合、社会信任、社会交往及主观生活质量的现状和影响因素进行了量化分析,不仅与西方的“同化论”“族群文化论”“族群聚居区社会经济论”“社会资本论”等经典移民理论进行对话,还与国内学者的“二元社区”“虚拟社区”等范式进行比较,探索了全球化背景下中国超大城市白领新移民社会流动和社会融合的独特模式。 |
| ● |
| 相关链接 |
|
|
|
|
正题名:城市白领新移民研究
索取号:D632.4/379
 
预约/预借
| 序号 | 登录号 | 条形码 | 馆藏地/架位号 | 状态 | 备注 |
| 1 | 1167516 | 211675169 | 第一样本阅览室/ [索取号:D632.4/379] | 在馆 | |
| 2 | 1167517 | 211675178 | 密集书库-史法系/ [索取号:D632.4/379] | 在馆 | |
| 3 | 1167518 | 211675187 | 第一借阅区/ [索取号:D632.4/379] | 在馆 | |
| 4 | 1167519 | 211675196 | 第一借阅区/ [索取号:D632.4/379] | 在馆 | |
| 5 | 1167520 | 211675203 | 第一借阅区/ [索取号:D632.4/379] | 在馆 |